Foundations of mathematics: (Record no. 179767)
[ view plain ]
| 000 -LEADER | |
|---|---|
| fixed length control field | 01092 a2200205 4500 |
| 003 - CONTROL NUMBER IDENTIFIER | |
| control field | NUST |
| 005 - DATE AND TIME OF LATEST TRANSACTION | |
| control field | 20221031130048.0 |
| 010 ## - LIBRARY OF CONGRESS CONTROL NUMBER | |
| LC control number | 7210578 |
| 020 ## - INTERNATIONAL STANDARD BOOK NUMBER | |
| International Standard Book Number | 0070092753 |
| 040 ## - CATALOGING SOURCE | |
| Transcribing agency | Nust |
| 082 ## - DEWEY DECIMAL CLASSIFICATION NUMBER | |
| Classification number | 510,BUS |
| 100 ## - MAIN ENTRY--PERSONAL NAME | |
| Personal name | Bush, Grace A. |
| 9 (RLIN) | 101975 |
| 245 ## - TITLE STATEMENT | |
| Title | Foundations of mathematics: |
| Remainder of title | with application to the social and management sciences / |
| Statement of responsibility, etc. | Grace A. Bush, John E. Young. |
| 250 ## - EDITION STATEMENT | |
| Edition statement | 2nd Ed. |
| 260 ## - PUBLICATION, DISTRIBUTION, ETC. | |
| Place of publication, distribution, etc. | New York, |
| Name of publisher, distributor, etc. | McGraw-Hill |
| Date of publication, distribution, etc. | [1968] |
| 300 ## - PHYSICAL DESCRIPTION | |
| Extent | 536 p. illus. |
| Other physical details | 24 cm. |
| 505 ## - FORMATTED CONTENTS NOTE | |
| Formatted contents note | Sets and Subsets (Page-1), The Real Number System (Page-26), Relations and functions (Page-58), Permutations and Combinations (Page-88), Probability (Page-110), Sequence and Mathematics of Finance (Page-148), Systems of Linear Algebra Equations (Page-181), Matrices and the Solution of Linear Systems (Page-212), polynomial and other Functions (Page 250), Inequalities and Linear Programming (Page 279), The Simplex Algorithm (Page-308), Differential Calculus (Page-383), Statistical Measures (Page-416). |
| 650 ## - SUBJECT ADDED ENTRY--TOPICAL TERM | |
| Topical term or geographic name entry element | Foundations of mathematics, |
| 9 (RLIN) | 101976 |
| 942 ## - ADDED ENTRY ELEMENTS (KOHA) | |
| Source of classification or shelving scheme | |
| Koha item type | Book |
| Call number prefix | 510,BUS |
| Withdrawn status | Lost status | Source of classification or shelving scheme | Damaged status | Not for loan | Permanent Location | Current Location | Shelving location | Date acquired | Full call number | Barcode | Date last seen | Price effective from | Koha item type | Public note |
|---|---|---|---|---|---|---|---|---|---|---|---|---|---|---|
| Military College of Signals (MCS) | Military College of Signals (MCS) | General Stacks | 12/12/2016 | 510,BUS | MCS7130 | 12/08/2016 | 12/12/2016 | Book Bank | Almirah No. A/135, Shelf No.4 |
